|
|
|
|
| LEADER |
00000ny a22000003n 4500 |
| 005 |
20110719133127.0 |
| 008 |
080619s2005 sp s 000 0 spa c |
| 020 |
|
|
|a 8495665441
|
| 035 |
|
|
|a 1237
|
| 040 |
|
|
|a UMA.RE
|d vlex
|
| 080 |
|
|
|a 628.19(4-672UE)(0.034)
|
| 090 |
|
|
|c 181
|d 181
|
| 100 |
1 |
|
|a Luca̕ Casado, Luis
|
| 245 |
1 |
3 |
|a La regulacin̤ de los vertidos en aguas continentales en el Derecho Comunitario
|h [Recurso electrn̤ico]
|c Luis Luca̕ Casado
|
| 256 |
|
|
|a Servicio en ln̕ea
|
| 260 |
|
|
|a [Madrid] :
|b Cedecs,
|c 2005
|
| 506 |
1 |
|
|a Contenido solo disponible en los productos indicados
|d vLex Global
|d vLex Global (Academic Edition, excluding Law Schools)
|d vLex Global (U.S. Academic Edition, Law Schools)
|d vLex Global (U.S. Academic Edition, excluding Law Schools)
|d vLex Global (Academic Edition, Law Schools)
|
| 650 |
0 |
4 |
|a Dinero electrn̤ico
|
| 650 |
0 |
4 |
|a Nuevas tecnologa̕s
|
| 740 |
0 |
|
|a vLex Libros (Servicios en ln̕ea)
|
| 856 |
4 |
0 |
|u http://vlex.com/source/1237
|z Acceso restringido
|
| 942 |
|
|
|c BOOK
|
| 999 |
0 |
4 |
|a Electronic funds transfers
|b European countries
|
| 999 |
0 |
4 |
|a Residuos
|z Pas̕es de la Unin̤ Europea
|v En ln̕ea
|
| 999 |
0 |
4 |
|a Sustancias peligrosas
|z Pas̕es de la Unin̤ Europea
|v En ln̕ea
|